Władztwo biskupie na grodzie Wolborskim w wieku XIII

Titel: Władztwo biskupie na grodzie Wolborskim w wieku XIII / Stanisław Arnold
Verfasser:
Veröffentlicht: Warszawa : Nakładem Towarzystwa Naukowego Warszawskiego, 1921
Umfang: 83 S. : 1 Kt.
Format: Buch
Sprache: Polnisch
Schriftenreihe/
mehrbändiges Werk:
Rozprawy historyczne Towarzystwa Naukowego Warszawskiego ; 1,1
Kein Bild verfügbar
X
Lokale Klassifikation: 36 8 W 3011
alg: 12824066
001A    $03004:02-05-05 
001B    $01999:25-02-17 $t08:08:24.000 
001C    $03004:30-01-07 $t11:03:15.000 
001D    $03004:02-05-05 
001U    $0utf8 
001X    $00 
002@    $0Aar 
003@    $0128240660 
003O    $069608320 $aOCoLC 
007A    $0128240660 $aHEB 
007T    $0Herdhh128240660 
010@    $apol 
011@    $a1921 
021A    $aWładztwo biskupie na grodzie Wolborskim w wieku XIII $hStanisław Arnold 
027A/01 $aDie bischöfliche Herrschaft auf der Burg Wolborz im 13. Jh 
028A    $#Arnold, S. $#Arnold, Stanislaw $712492199X $8Arnold, Stanisław$Z1895-1973 [Tp1] $9155513451 
033A    $pWarszawa $nNakładem Towarzystwa Naukowego Warszawskiego 
034D    $a83 S. 
034M    $a1 Kt. 
036E    $aRozprawy historyczne Towarzystwa Naukowego Warszawskiego $l1,1 
036F    $x11 11 $8Rozprawy historyczne Towarzystwa Naukowego Warszawskiego $900190700X $lT. 1, Zesz. 1 
037B    $aÜbers. d. HST: Die bischöfliche Herrschaft auf der Burg Wolborz im 13. Jh. 
046C    $aDie bischöfliche Herrschaft auf der Burg Wolborz im 13. Jh $bÜbers. des Hauptsacht. 
046M    $aLiteraturverz. S. [81] - [84] 

lok: 12824066 24
101B    $002-05-05 $t10:49:29.000 
101C    $002-05-05 
145Z/01 $a36 8 W 3011 
101U    $0utf8 

exp: 12824066 24 1 #EPN
201B/01 $002-05-05 $t10:49:29.000 
201C/01 $002-05-05 
203@/01 $0246559519 
208@/01 $a02-05-05 $br 
209A/01 $a36 VIII W 3011 $du $f050 $h36 8 W 3011 $x00 
209C/01 $aT 88.2452 $h88 2452 T 
209G/01 $a70948435 $x00 
220C/01 $aost 
247C/01 $8358050-7 Marburg, Bibliothek des Herder-Instituts Marburg $9102600961 
201U/01 $0utf8 

lok: 12824066 78

exp: 12824066 78 1 #EPN
201B/01 $019-04-17 $t19:44:04.000 
201U/01 $0utf8 
203@/01 $0794396585 
208@/01 $a12-11-16 $be 
209A/01 $a/ $f000 $x00 
237A/01 $aweiterführende Signatur(en): Herder-Institut: 36 VIII W 3011 
244Z/01 $2Trx $#Poola $#Lenkija $#Polija $#Polen Land $#Poland $#Lengyelország $#Poľsko $#Polsko $8--Trx--Polska$gkraj $x01 $9391345966 
244Z/01 $2Trx $8--Trx--Monographie $x02 $9391384546 
247C/01 $82080>Marburg/Lahn, Herder-Institut, Forschungsbibliothek, Bibliographieportal $9336309341
LEADER 00000cam a22000002c 4500
001 128240660
003 DE-603
005 20170225080824.0
007 tu
008 050502s1921 xx |||| | u00||u|pol c
035 |a (DE-599)HEB128240660 
035 |a (OCoLC)69608320 
040 |a DE-603  |b ger  |c DE-603  |d DE-603 
041 |a pol 
100 1 |a Arnold, Stanisław  |d 1895-1973  |0 (DE-603)155513451  |0 (DE-588)12492199X  |2 gnd 
245 0 0 |a Władztwo biskupie na grodzie Wolborskim w wieku XIII  |c Stanisław Arnold 
246 1 |i Übers. des Hauptsacht.  |a Die bischöfliche Herrschaft auf der Burg Wolborz im 13. Jh 
246 1 3 |a Die bischöfliche Herrschaft auf der Burg Wolborz im 13. Jh 
264 1 |a Warszawa  |b Nakładem Towarzystwa Naukowego Warszawskiego  |c 1921 
300 |a 83 S.  |b 1 Kt. 
490 1 |a Rozprawy historyczne Towarzystwa Naukowego Warszawskiego  |v 1,1 
500 |a Übers. d. HST: Die bischöfliche Herrschaft auf der Burg Wolborz im 13. Jh. 
504 |a Literaturverz. S. [81] - [84] 
810 2 2 |a Towarzystwo Naukowe Warszawskie  |t Rozprawy historyczne Towarzystwa Naukowego Warszawskiego  |v T. 1, Zesz. 1  |w (DE-603)00190700X  |w (DE-600)401191-0  |9 11 11  |7 as 
924 0 |9 Mb 50  |a (DE-603)246559519  |b DE-Mb50  |c HES  |d c  |g 36 VIII W 3011 
924 0 |9 2080  |a (DE-603)794396585  |b DE-2080  |c HES  |d d  |g /